00433nam a2200157Ia 450000500170000000800410001702000150005808200130007324500670008626000310015330000190018465000110020365000100021465000200022470000310024420240610023649.0240331s9999 xx 000 0 und d a9559621017 bDEVa331 0aDevelopment issues across regions :bwomen, land and forestry aSouth AsiabCORRENSAc1997 aviii, 308 p ., aGender aWoman aproperty rights aWickremasinghe, Anojaeedt